000 00713nam a2200253Ia 4500
003 OSt
005 20220930071655.0
006 a|||||r|||| 00| 0
007 ta
008 220926b |||||||| |||| 00| 0 hin d
024 _a17891
037 _cTheses
040 _aCRL
_cCRL
_bhin
041 _2hin
_ahin
100 _aShastri Vijay Pal
_9437392
110 _aUniversity of Delhi. Faculty of Arts. Department of Sanskrit
245 0 _aKashikagatlakshya visheshnaarth
_b Parugoshath
260 _c1986
300 _a272p.
_ap.
_ccm.
650 _aSANSKRIT
700 _aUniversity of Delhi. Faculty of Arts. Department of Sanskrit
942 _cDIS
_2CC
999 _c862656
_d862656